| 000 | 01410ngm a2200349 4500 | ||
|---|---|---|---|
| 003 | dpl | ||
| 005 | 20090212160849.0 | ||
| 007 | DVD | ||
| 008 | ||||||sp199 xxu|||||c|||| 00| 0 eng d | ||
| 010 | _aDVD-001635 | ||
| 024 |
_c499.00 _2RDE-26461 |
||
| 035 | _aDVD-001635 | ||
| 040 |
_aDPL _cDPL |
||
| 082 | _aDVD / ASGO | ||
| 245 |
_aAs Good As It Gets _cColumbia Pictures Presents _h[videorecording] DVD/ |
||
| 260 |
_bSony Pictures Sphe India _aMumbai |
||
| 300 |
_a1 videodisc DVD; (132 min.) ; _bsd., col. ; _c4 3/4 in. _fDVD |
||
| 440 | _aSony Home Entertainment | ||
| 500 | _aThis DVD is Copy Protected | ||
| 500 | _aGolden Globe Winner Best Picture. Best Actor: Jack Nicholson Best Actress: Helen Hunt | ||
| 538 | _iLanguage: Dolby Digital 5.1-EnglishSubtitles English, Hindi | ||
| 538 | _aAspect Ratio: 2.4:1, Presentation type:Wide Screen Presentation Size 16x9, Format DVD 9 Dual Layer Single Sided Disc. | ||
| 650 | _aMotion Picture | ||
| 700 | _aNicholson, Jack | ||
| 700 | _aHunt, Helen | ||
| 700 | _aKinnear, Greg | ||
| 700 | _aGooding, Jr., Cuba | ||
| 700 | _aMaisler, Francine | ||
| 942 |
_cCF _2ddc _hDVD _mASGO |
||
| 999 |
_c23585 _d23585 |
||